000 00735nam a2200241Ia 4500
003 OSt
005 20221005112838.0
006 a|||||r|||| 00| 0
007 ta
008 221004b |||||||| |||| 00| 0 pan d
020 _c60
024 _a93828
037 _b72862, 31/12/2008, Arsee Publishers
_cTextual
040 _aCRL
_cCRL
_bpan
041 _2pan
_apan
082 _aL54, 153N6
100 _aਗਿੱਲ, ਜਸਵੰਤ
245 0 _aਲਿੰਗ ਵਿਗਿਆਨ
260 _aਦਿੱਲੀ
_bਆਰਸੀ ਭਾਰਤ
_c1996
300 _a196ਪੰ
_ccm.
942 _hL54, 153N6
_cTEXL
_2cc
999 _c1026166
_d1026166